000 01866cam a2200397 i 4500
003 EG-GICUC
005 20260316095659.0
008 090205s2009 enk frb 001 0 eng d
020 _a9780521515412
_qhbk.
020 _a0521515416
_qhbk.
020 _a9780521731300
_qpbk.
020 _a0521731305
_qpbk.
040 _aDLC
_cDLC
_dBTCTA
_dYDXCP
_dUKM
_dBWKUK
_dBWK
_dONS
_dCDX
_dDLC
_dEG-GICUC
_beng
_erda
050 0 0 _aK7040
_b.M55 2009
082 0 0 _a341.84
_221
092 0 4 _221
099 _aLaw 12 2009
100 1 _aMills, Alex.
245 1 4 _aThe confluence of public and private international law :
_bjustice, pluralism and subsidiarity in the international constitutional ordering of private law /
_cAlex Mills.
264 _aCambridge, UK ;
_aNew York :
_bCambridge University Press,
_c2009.
300 _axxiv, 395 pages ;
_c24 cm.
336 _atext
_2rdacontent
337 _aComputer
_2rdamedia
338 _aOnline Resource
_2rdacarrier
504 _aIncludes bibliographical references (p. 310-387) and index.
505 0 _aJustice, pluralism and the international perspective -- The private history of international law -- From positivism to constitutionalism -- Private international law and constitutional law in federal systems -- The confluence of public and private international law.
650 0 _aConflict of laws.
650 0 _aInternational law.
650 0 _aInternational and municipal law.
856 4 2 _uhttps://fll.law.cu.edu.eg/fulltext/bks/ENGB12-00097.pdf
856 4 2 _3Contributor biographical information
_uhttp://www.loc.gov/catdir/enhancements/fy0906/2009005509-b.html
856 4 2 _3Publisher description
_uhttp://www.loc.gov/catdir/enhancements/fy0906/2009005509-d.html
856 4 1 _3Table of contents only
_uhttp://www.loc.gov/catdir/enhancements/fy0906/2009005509-t.html
905 _a10
942 _2ddc
_cBK
_e21
_n0
999 _c66365
_d66365